Statistiques concernant Reconnaissez vous ces sorcières et sorciers de fiction?

Cliquez ici pour prendre le quiz!

Statistiques générales

  • Ce quiz a été pris 74 fois
  • Le résultat moyen est 9 sur 17

Statistiques - réponses

Réponse% Correct
Gargamel
94%
Voldemort
88%
Merlin
87%
Maléfique
86%
Jafar
83%
Gandalf
78%
Doctor Strange
71%
Norbert Dragonneau
64%
Sabrina
64%
Kiki
55%
Scarlet Witch
46%
Mélusine
28%
Kamek
20%
Miss Tick
19%
Magicienne des Ténèbres
7%
Vivi
1%
Morrigan
0%

Distribution des résultats

Percentile par nombre de réponses

% des personnes avec chaque résultat

Votre développement - résultats

Vous n’avez pas pris ce quiz